000
00215 a2200097 4500
020
_a
9780142411766
041
_a
eng
100
_a
Adler, David
245
_a
Young cam Jansen and the lion's lunch mystery
942
_c
BK
999
_c
31681
_d
31679